书目信息 |
| 题名: |
建筑绘图技能实训
|
|
| 作者: | 朱平 , 刘靖 主编 | |
| 分册: | ||
| 出版信息: | 长沙 中南大学出版社 2021.1 |
|
| 页数: | 139页 | |
| 开本: | 26cm | |
| 丛书名: | ||
| 单 册: | ||
| 中图分类: | TU204.21 | |
| 科图分类: | ||
| 主题词: | 建筑制图--高等职业教育--教材 | |
| 电子资源: | ||
| ISBN: | 978-7-5487-3776-6 | |
| 000 | 00961nam0 2200253 45 | |
| 001 | 012001001405 | |
| 005 | 20140913164723.0 | |
| 010 | @a978-7-5487-3776-6@dCNY38.00 | |
| 100 | @a20210404d2021 em y0chiy50 ea | |
| 101 | 0 | @achi |
| 102 | @aCN@b430000 | |
| 105 | @ay z 000yy | |
| 106 | @ar | |
| 200 | 1 | @a建筑绘图技能实训@Ajian zhu hui tu ji neng shi xun@f朱平,刘靖主编 |
| 210 | @a长沙@c中南大学出版社@d2021.1 | |
| 215 | @a139页@d26cm | |
| 300 | @a高等职业教育土建类“十四五”规划 “互联网+”创新系列教材 | |
| 330 | @a本书通过四个模块,设定了一系列训练项目,从手工绘图到计算机辅助绘图,从基础制图到专业制图,对学生绘图能力进行全方位训练培养。书中精选了典型案例,介绍手工、计算机辅助绘图的方法、步骤和注意事项,再通过完成设定的练习题。 | |
| 606 | 0 | @a建筑制图@x高等职业教育@j教材 |
| 690 | @aTU204.21@v5 | |
| 701 | 0 | @a朱平@Azhu ping@4主编 |
| 701 | 0 | @a刘靖@Aliu jing@4主编 |
| 801 | 0 | @aCN@bBJSDL@c20211011 |
| 905 | @b1334311-4@dTU204.21@e1917@f4 | |
| 建筑绘图技能实训/朱平,刘靖主编.-长沙:中南大学出版社,2021.1 |
| 139页;26cm |
| 高等职业教育土建类“十四五”规划 “互联网+”创新系列教材 |
| ISBN 978-7-5487-3776-6:CNY38.00 |
| 本书通过四个模块,设定了一系列训练项目,从手工绘图到计算机辅助绘图,从基础制图到专业制图,对学生绘图能力进行全方位训练培养。书中精选了典型案例,介绍手工、计算机辅助绘图的方法、步骤和注意事项,再通过完成设定的练习题。 |
| ● |
| 相关链接 |
|
|
|
|
正题名:建筑绘图技能实训
索取号:TU204.21/1917
 
预约/预借
| 序号 | 登录号 | 条形码 | 馆藏地/架位号 | 状态 | 备注 |
| 1 | 1334311 | 213343112 | 第二样本阅览室/ [索取号:TU204.21/1917] | 在馆 | |
| 2 | 1334312 | 213343121 | 第三借阅区/ [索取号:TU204.21/1917] | 在馆 | |
| 3 | 1334313 | 213343130 | 第三借阅区/ [索取号:TU204.21/1917] | 在馆 | |
| 4 | 1334314 | 213343149 | 第三借阅区/ [索取号:TU204.21/1917] | 在馆 |